| 000 | 00779nam a2200217 a 4500 | ||
|---|---|---|---|
| 001 | 000042745 | ||
| 005 | 20201002040351.0 | ||
| 008 | 140206s1988 ag 000 0 spa d | ||
| 020 | _a9504000355 | ||
| 040 |
_aDO-SdBNP _bspa _cBNPHU |
||
| 082 |
_axxx _bxxx |
||
| 100 | 1 |
_aFloria, Carlos Alberto _970064 |
|
| 245 | 1 | 0 |
_aHistoria política de la Argentina contemporánea 1880-1983 / _cCarlos A. Floria, César A. García Belsunce. |
| 260 |
_aBuenos Aires, Argentina : _bAlianza, _c1988. |
||
| 300 |
_a275 p. ; _c20 cm. |
||
| 490 | 1 |
_aAlianza ensayo _ahistoria |
|
| 504 | _aBibliografía: p. 271-275 | ||
| 500 | _aIncluye referencias bibliográficas y notas al pie de las páginas | ||
| 700 | 1 | 2 |
_aGarcía Belsunce, César A. _970065 |
| 830 | 0 |
_aAlianza ensayo ; _phistoria. _970066 |
|
| 999 |
_c42234 _d42234 |
||